000 00988nam a22002537a 4500
005 20240530110459.0
008 150625s2005 ua ao a 000 j ara d
017 _a2005/10600
_bمصر . دار الكتب المصرية
020 _a9776171028
040 _aEG-CaGPL
082 0 4 _221
_a813.02
_bط/أ ح
100 1 _aايرنسايد ، فيرجينيا
245 1 0 _aحقيبة كبيرة من الهموم /
_cبقلم فيرجينيا ايرنسايد ؛ وريشة فرانك رورجرز ؛ ترجمة محمد عنانى
250 _aط1
260 _aالقاهرة :
_bدار البلسم للنشر و التوزيع ،
_c2005 .
300 _a( د.ت ) :
_bصور ؛
_c32 سم .
650 0 4 _aادب الاطفال
650 0 4 _aتعليم الاطفال
650 0 4 _aالقصص القصيرة
700 1 _aرورجرز ، فرانك
_eرسام
700 0 _aمحمد عنانى
_eمترجم
942 _2ddc
_cBK
999 _c61447
_d61447